000 01398nam a2200301 a 4500
005 20160108094416.0
008 110328s2009 ck ab gr 00010 spa d
015 _ack-2009-xxxx
020 _a9789588317441
040 _aCO-BoBLA
_cCO-BoBLA
_dCO-BoIAvH
041 0 _aspa
044 _ack
082 0 4 _a711.4098617
_bR48s
100 1 _aRiaño Umbarila, Elizabeth.
245 1 0 _aSistema urbano en la región amazónica colombiana :
_banálisis de la organización e integración funcional /
_cElizabeth Riañoo Umbarila, Carlos Ariel Salazar Cardona.
260 _aBogotá :
_bInstituto Amazónico de Investigaciones Científicas SINCHI :
_bMinisterio de Ambiente, Vivienda y Desarrollo Territorial,
_c2009.
300 _a304 páginas :
_bilustraciones., mapas ;
_c28 cm.
504 _aIncluye bibliografía.
650 2 4 _aCiudades y pueblos
_z Amazonas (Región)
650 2 4 _aAdministración municipal
_z Amazonas (Región)
650 2 4 _aAdministración pública
_z Amazonas (Región)
650 2 4 _aInfraestructura (Economía)
_z Amazonas (Región)
650 2 4 _aUrbanización
_z Amazonas (Región)
650 _aUrbanismo
_z Amazonas (Región)
_v Estadísticas.
650 4 _aCooperación intergubernamental
_z Amazonas (Región)
651 4 _a Amazonas (Región)
_x Política y gobierno
_y 1974-
942 _2ddc
_cLIBRO
999 _c7162
_d7162